|
|
|
|
| LEADER |
00000cam a2200000 7i4500 |
| 001 |
0000000917 |
| 005 |
20151222.0 |
| 008 |
070703 |
| 020 |
|
|
|a 9833653235
|
| 090 |
0 |
0 |
|a JF
|b MAL
|
| 100 |
0 |
|
|a Nuriazam Ismail
|
| 245 |
1 |
0 |
|a Misi Aurora
|c Nuriazam Ismail
|
| 260 |
|
|
|a Selangor :
|b PTS One ,
|c 2006
|
| 500 |
|
|
|a Children ages 10-12 years old (pink)
|
| 650 |
|
0 |
|a Comic book,Strips
|
| 650 |
|
0 |
|a Science fiction, Malay
|
| 999 |
|
|
|a 0000954000
|b Book
|c Children Collection
|e Perbadanan Perpustakaan Awam Johor
|
| 999 |
|
|
|a 0000954001
|b Book
|c Children Collection
|e Perbadanan Perpustakaan Awam Johor
|
| 999 |
|
|
|a 0000954002
|b Book
|c Children Collection
|e Perbadanan Perpustakaan Awam Johor
|
| 999 |
|
|
|a 0000954003
|b Book
|c Children Collection
|e Perbadanan Perpustakaan Awam Johor
|
| 999 |
|
|
|a 0000954004
|b Book
|c Children Collection
|e Cawangan Bandar Penawar
|